000 00531nam a22001817a 4500
005 20260526131355.0
008 260526b |||||||| |||| 00| 0 eng d
020 _a9789360286897
_c1495.00
040 _aMAIN
041 _aEnglish
082 _a954.87
_bUTT
100 _aNapalchyal, Nrip Singh (ed)
_926912
245 _aUttarakhand @25 Looking back Looking Forward
260 _aDehradun
_bBishan Singh Mahindra Pal Singh
_c2025
300 _a634
650 _aUttarakhand Collection : Himalaya Collection
_913
942 _cBK
999 _c60885
_d60885